<?xml version="1.0" encoding="UTF-8"?>
<record
    xmlns:xsi="http://www.w3.org/2001/XMLSchema-instance"
    xsi:schemaLocation="http://www.loc.gov/MARC21/slim http://www.loc.gov/standards/marcxml/schema/MARC21slim.xsd"
    xmlns="http://www.loc.gov/MARC21/slim">

  <leader>02438cam a2200241 a 4500</leader>
  <datafield tag="020" ind1=" " ind2=" ">
    <subfield code="a">1565840143</subfield>
  </datafield>
  <datafield tag="020" ind1=" " ind2=" ">
    <subfield code="a">9781565840140</subfield>
  </datafield>
  <datafield tag="020" ind1=" " ind2=" ">
    <subfield code="a">1565840399</subfield>
  </datafield>
  <datafield tag="020" ind1=" " ind2=" ">
    <subfield code="a">9781565840393</subfield>
  </datafield>
  <datafield tag="040" ind1=" " ind2=" ">
    <subfield code="c">DLC</subfield>
  </datafield>
  <datafield tag="082" ind1="0" ind2="0">
    <subfield code="a">940 DIS 1992 A102 Or.</subfield>
  </datafield>
  <datafield tag="082" ind1="0" ind2="4">
    <subfield code="a">B</subfield>
  </datafield>
  <datafield tag="100" ind1="1" ind2=" ">
    <subfield code="a">Cook, Haruko Taya</subfield>
  </datafield>
  <datafield tag="245" ind1="1" ind2="0">
    <subfield code="a">Japan at war :</subfield>
    <subfield code="b">an oral history /</subfield>
  </datafield>
  <datafield tag="250" ind1=" " ind2=" ">
    <subfield code="a">1st ed.</subfield>
  </datafield>
  <datafield tag="260" ind1=" " ind2=" ">
    <subfield code="a">New York :</subfield>
    <subfield code="b">New Press :</subfield>
    <subfield code="b">Distributed by Norton,</subfield>
    <subfield code="c">1992.</subfield>
  </datafield>
  <datafield tag="300" ind1=" " ind2=" ">
    <subfield code="a">xiii, 479 pages :</subfield>
    <subfield code="b">maps ;</subfield>
    <subfield code="c">25 cm</subfield>
  </datafield>
  <datafield tag="520" ind1=" " ind2=" ">
    <subfield code="a">This pathbreaking work of oral history captures for the first time ever - in either Japanese or English - the remarkable story of ordinary Japanese people during World War II. In a sweeping panorama, Haruko Taya and Theodore Cook take us from the Japanese attacks on China in the 1930s to the Japanese homefront during the inhuman raids on Tokyo, Hiroshima, and Nagasaki, offering the first glimpses of how this century's most violent conflict affected the lives of the Japanese population. Japan at War documents a huge range of experiences, from long-ago memories of being taught to play at soldiering in school to personal accounts of carrying out horrendous medical experiments and ruthless massacres. Here are the soldiers and sailors caught in the jungles of New Guinea and on the seas around the Philippines. Here, too, are proud builders of the Burma railway, and unrepentant generals, as well as conscripts whose political or intellectual training made them unwilling participants in the horrors wrought by their country. Japanese newspapermen, filmmakers, artists, cabaret dancers, and diplomats speak candidly about their wartime experiences, adding a whole new dimension to the now-famous symbols of kamikaze pilots and human torpedoes. As they crisscrossed Japan seeking out survivors of a war that cost that country over 3 million lives, the authors encountered every form of human response: those who held to their principles and those who gave in to opportunism, those who controlled events as well as the many - including women and children - who were caught up in the horrific whirlpool. No book to date has captured the complex range of Japanese experiences and emotions as does Japan at War. This is a monumental work of history - one to which Americans and Japanese will turn for decades to come.</subfield>
  </datafield>
  <datafield tag="650" ind1=" " ind2="0">
    <subfield code="a">World War, 1939-1945</subfield>
  </datafield>
  <datafield tag="650" ind1=" " ind2="0">
    <subfield code="a">World War, 1939-1945</subfield>
  </datafield>
  <datafield tag="700" ind1="1" ind2=" ">
    <subfield code="a">Cook, Theodore Failor</subfield>
  </datafield>
  <datafield tag="942" ind1=" " ind2=" ">
    <subfield code="c">EK</subfield>
  </datafield>
  <datafield tag="999" ind1=" " ind2=" ">
    <subfield code="c">13777</subfield>
    <subfield code="d">13777</subfield>
  </datafield>
  <datafield tag="952" ind1=" " ind2=" ">
    <subfield code="0">0</subfield>
    <subfield code="1">0</subfield>
    <subfield code="4">0</subfield>
    <subfield code="6">940_000000000000000_DIS_1992_A102_OR</subfield>
    <subfield code="7">0</subfield>
    <subfield code="9">65251</subfield>
    <subfield code="a">LBA</subfield>
    <subfield code="b">LBA</subfield>
    <subfield code="c">A102</subfield>
    <subfield code="d">2017-08-31</subfield>
    <subfield code="o">940 DIS 1992 A102 Or.</subfield>
    <subfield code="p">A20343</subfield>
    <subfield code="r">2017-08-31</subfield>
    <subfield code="w">2017-08-31</subfield>
    <subfield code="y">EK</subfield>
  </datafield>
</record>
